| 000 | 00816nac a22001691u 4500 | ||
|---|---|---|---|
| 008 | 100905t xxu||||| |||| 00| 0 eng d | ||
| 082 |
_a624 _bCON |
||
| 100 |
_aDesai, Mahesh _917925 |
||
| 111 |
_917927 _aProceedings of the conference on Construction Practices and Instrumentation in Geotechnical Engineering _cSurat, India, _d20-23 DEc. 1982 |
||
| 245 |
_aConstruction Practices and Instrumentation in Geotechnical Engineering. Vol 1/ _cEdited by Mahesh Desai |
||
| 260 |
_aNew Delhi : _bOxford & IBH Pub. Co., _c1982 |
||
| 300 |
_a387 p.: _bill.; _c26 cm. |
||
| 504 | _aIncludes index | ||
| 650 |
_astructural engineering _917926 |
||
| 942 |
_cBB _k624 CON _2ddc |
||
| 999 |
_c4311 _d4311 |
||